Te poki Rapa Nui. Te puka mo hakamaa oriai ite tagnata honui o Rapa Nui. Haka rivariva o

محفوظ في:
التفاصيل البيبلوغرافية
المؤلف الرئيسي: Vives Solar, José Ignacio (مؤلف)
التنسيق: كتاب
اللغة:الراباني
الإسبانية
منشور في: Santiago Imprenta Cervantes 1923
الطبعة:1a. ed
الموضوعات:
الوسوم: إضافة وسم
لا توجد وسوم, كن أول من يضع وسما على هذه التسجيلة!

MARC

LEADER 00000nam a2200000 a 4500
001 UCJ4014
003 CL-VaPUC
008 070124e19230000CL |||||||||||||||||rap|d
041 0 7 |a rap  |2 CL-VaPUC 
041 0 7 |a spa  |2 CL-VaPUC 
082 0 4 |a 918.3  |b VIV  |2 21 
100 0 |a Vives Solar, José Ignacio  |e author  |9 506807 
245 1 0 |a Te poki Rapa Nui. Te puka mo hakamaa oriai ite tagnata honui o Rapa Nui. Haka rivariva o 
246 1 3 |a El niño pascuense: Libro de lectura y conocimientos útiles para el uso de los habitantes de la Isla de Pascua, arreglado por José Ignacio Vives Solar 
250 |a 1a. ed 
300 |a 49 p 
942 |c BK 
945 |d 20070124 00:00:00  |a rinostro 
260 |a Santiago  |b Imprenta Cervantes  |c 1923 
500 |a Fotografía de la corbeta Baquedano, buque escuela de la Armada en 1917 
500 |a Elementos básicos de historia, geografía, religión, etc 
600 0 7 |a EYRAUD, EUGENIO  |2 CL-VaPUC  |9 506808 
600 0 |a Armada de Chile  |9 340497 
600 0 7 |a CORBETA BAQUEDANO  |2 CL-VaPUC  |9 506809 
650 0 |a Lenguaje y lenguas  |9 265846 
650 7 |a PASCUENSE  |2 CL-VaPUC  |9 506810 
650 0 |a Antropología   |9 233030 
650 0 |a Misioneros  |9 324171 
650 7 |a ISLAS CHILENAS  |2 CL-VaPUC  |9 506811 
650 7 |a BUQUE ESCUELA  |2 CL-VaPUC  |9 506812 
650 7 |a LENGUA RAPA NUI  |2 CL-VaPUC  |9 260561 
650 0 |a Ilustraciones  |9 369481 
651 0 |a Isla de Pascua  |9 261357 
583 |a last modification  |c 20070124 00:00:00  |k Rodrigo Vera 
999 |c 320132  |d 320130 
952 |0 0  |1 0  |4 0  |6 918_300000000000000_VIV_1923  |7 0  |8 X  |9 398602  |a FDOBUD  |b FDOBUD  |d 2019-11-22  |i 1012185  |o 918.3 VIV 1923  |p 1012185  |r 2019-11-22  |w 2019-11-22  |y BK_X  |k BUD 
952 |0 0  |1 0  |4 0  |6 918_300000000000000_VIV_1923  |7 0  |8 X  |9 398603  |a FDOBUD  |b FDOBUD  |d 2019-11-22  |i 1012193  |o 918.3 VIV 1923  |p 1012193  |r 2019-11-22  |w 2019-11-22  |y BK_X  |k BUD